South Bedfordshire District Council v John Price and others (Record no. 77101)

MARC details
000 -LEADER
fixed length control field 01956cab a2200229 4500
001 - CONTROL NUMBER
control field ##L133596
008 - FIXED-LENGTH DATA ELEMENTS--GENERAL INFORMATION
fixed length control field 060522n2006 000 0 eng u
035 ## - SYSTEM CONTROL NUMBER
System control number (Sirsi) u133596
041 0# - LANGUAGE CODE
Language code of text/sound track or separate title eng
245 00 - TITLE STATEMENT
Title South Bedfordshire District Council v John Price and others
260 ## - PUBLICATION, DISTRIBUTION, ETC.
Date of publication, distribution, etc. 2006
520 ## - SUMMARY, ETC.
Summary, etc. [2006] EWCA Civ 493, 5 May 2006. Considers whether a committal order made for failing to comply with an injunction restraining breach of planning control should be suspended pending the result of a planning appeal. P had appealed against committal orders and sought permission to appeal against the judge's refusal to vary or discharge an injunction restraining breach of planning control ([2005] EWHC 2031 (QB), L131328). The judge refused to vary or discharge S's injunction against P and made committal orders, suspended for two months. P contended that the committal order be suspended until the outcome of his appeal was known and that policy changes as expressed in ODPM Circular 01/06 made it much more likely that at least a temporary permission would be obtained. "Held": appeal dismissed. The judge's refusal to suspend the injunction could not be said to be wrong on any basis. Permission to appeal on that issue was refused. It would only be right to suspend the committal order pending the planning appeal result if there was clear evidence that the appeal would succeed. he new circular would not markedly strengthen its chances of success.
590 ## - LOCAL NOTE (RLIN)
Local note IKA230506
650 24 - SUBJECT ADDED ENTRY--TOPICAL TERM
Topical term or geographic name entry element SOUTH BEDFORDSHIRE DC V PRICE AND OTHERS
650 24 - SUBJECT ADDED ENTRY--TOPICAL TERM
Topical term or geographic name entry element ODPM CIRCULAR 01/2006
650 24 - SUBJECT ADDED ENTRY--TOPICAL TERM
Topical term or geographic name entry element TOWN AND COUNTRY PLANNING ACT 1990 S187B
651 #4 - SUBJECT ADDED ENTRY--GEOGRAPHIC NAME
Geographic name England and Wales
Chronological subdivision 1543-
651 #4 - SUBJECT ADDED ENTRY--GEOGRAPHIC NAME
Geographic name England
Chronological subdivision 886-
690 ## - LOCAL SUBJECT ADDED ENTRY--TOPICAL TERM (OCLC, RLIN)
Topical term or geographic name as entry element ENVIRONMENTAL AND LAND CONSULTANCY-PLANNING AND DEVELOPMENT-DEVELOPMENT CONTROL-PLANNING ENFORCEMENT
856 40 - ELECTRONIC LOCATION AND ACCESS
Uniform Resource Identifier <a href="https://www.bailii.org/ew/cases/EWCA/Civ/2006/493.html">https://www.bailii.org/ew/cases/EWCA/Civ/2006/493.html</a>
Public note View the judgment free of charge at www.bailii...
942 ## - ADDED ENTRY ELEMENTS (KOHA)
Suppress in OPAC 0
Holdings
Withdrawn status Lost status Source of classification or shelving scheme Damaged status Not for loan Home library Current library Shelving location Date acquired Total Checkouts Full call number Barcode Date last seen Copy number Price effective from Koha item type
    Dewey Decimal Classification     Virtual Virtual Online 22/05/2006   ONLINE PUBLICATION 133596-2001 06/08/2019 1 06/08/2019 Law report